000 00397nam a2200145Ia 4500
008 100122s9999 xx 000 0 und d
082 _b16289
_a823
100 _aपारगावकर राजा
245 _aअजगर
260 _bभारतीय प्रकाशन मंदिर
_c1970
300 _a83
630 _aअजगर
730 _aअजगर
942 _cBOOK
999 _c406244
_d406241